MDQL
is popping MORE tags! Check the
thread
!
Quizzes
Events
Quiz Creation
Community
Videos
Private Events
Remove Ads
Sign In
Join for FREE
Feedback
Dark Mode
Quiz Categories
Sports
Geography
Music
Movies
Television
Just For Fun
Miscellaneous
History
Literature
Language
Science
Gaming
Entertainment
Religion
Holiday
For Kids
Quiz Lab
Recent
Popular Today
Quiz Kudos Today
Editor Picks
Curator Picks
Quizzes by...
Day
Popularity
Type
Ratings
Length
Year
Community
Subscriptions
Recent Discussions
Orange Saloon
Badges
Playlists
Quests
Create
Leaderboards
Showdown
Live 5
Trivia Bingo
Activity
Puzzle Library
Sporcle Events
Private Events
Virtual Trivia
Globe League
Become a Host
Pub Owners
SporcleCon
Opinionation
Our Games
Videos
Blog
Mobile Apps
Partnerships
Remove Ads and Go Orange
Feedback
Sports
Athletes
MLB
NBA
NHL
NFL
Soccer
Sports Teams
WWE
NCAA
Football
Premier League
Basketball
Baseball
Hockey
Golf
Tennis
Cricket
Rugby
Auto Racing
Olympics
World Cup
Sports
Athletes
MLB
NBA
NHL
NFL
Soccer
Sports Teams
WWE
NCAA
Football
Premier League
Basketball
Baseball
Hockey
Golf
Tennis
Cricket
Rugby
Auto Racing
Olympics
World Cup
Random Quiz
Search Sporcle
×
Quiz Lab
Quiz Lab
Sports
NFL
Type in answers that appear in a list
Type in answers that appear in a list
Classic
Best Score? Go Orange.
NFL Top 50 Receiving Yards Leaders (2007) Stats
Can you name the NFL Top 50 Receiving Yards Leaders (2007)?
By
Bucs4055
12m
50 Questions
90 Plays
90 Plays
90 Plays
Comments
Comments
Give Quiz Kudos
Give Quiz Kudos
-
- Ratings
hide this ad
Replay
Link that replays current quiz
Next Quiz
Link to next quiz in quiz playlist
You Got
0%
They Got
Avg Score
64%
Avg Friend Score
Upgrade to see
Score Distribution
Jump to the score distribution portion of the page
Score
0/50
Timer
12:00
0
Plays Today
Team/Yards
Player
% Correct
1. IND 1510
Reggie Wayne
96.7%
2. NE 1493
Randy Moss
95.6%
3. CIN 1440
Chad Johnson
95.6%
4. ARZ 1409
Larry Fitzgerald
95.6%
35. WAS 808
Santana Moss
94.4%
23. CAR 1002
Steve Smith
93.3%
32. HOU 851
Andre Johnson
92.2%
43. DET 756
Calvin Johnson
92.2%
5. DAL 1355
Terrell Owens
88.9%
8. NO 1202
Marques Colston
88.9%
9. ATL 1202
Roddy White
88.9%
11. NE 1175
Wes Welker
88.9%
12. KC 1172
Tony Gonzalez
88.9%
14. DAL 1145
Jason Witten
88.9%
25. SD 984
Antonio Gates
85.6%
6. DEN 1325
Brandon Marshall
83.3%
10. STL 1189
Torry Holt
83.3%
20. GB 1048
Donald Driver
82.2%
21. NYG 1025
Plaxico Burress
82.2%
31. ARZ 853
Anquan Boldin
80%
24. KC 995
Dwayne Bowe
76.7%
30. GB 920
Greg Jennings
76.7%
46. PIT 732
Hines Ward
76.7%
34. DET 838
Roy Williams
74.4%
15. CIN 1143
T.J. Houshmandzadeh
72.2%
Team/Yards
Player
% Correct
49. TEN 719
Roydell Williams
72.2%
7. CLE 1289
Braylon Edwards
71.1%
19. BAL 1087
Derrick Mason
70%
33. BUF 849
Lee Evans
66.7%
45. STL 733
Isaac Bruce
65.6%
29. PIT 942
Santonio Holmes
61.1%
26. MIA/
SD 970
Chris Chambers
60%
39. PHI 780
Reggie Brown
60%
42. NYG 760
Amani Toomer
57.8%
40. PHI 771
Brian Westbrook
53.3%
41. HOU 768
Owen Daniels
51.1%
18. CLE 1106
Kellen Winslow Jr.
47.8%
16. NYJ 1130
Jerricho Cotchery
44.4%
22. TB 1014
Joey Galloway
44.4%
36. HOU 800
Kevin Walter
37.8%
38. WAS 786
Chris Cooley
36.7%
17. PHI 1110
Kevin Curtis
34.4%
13. SEA 1147
Bobby Engram
31.1%
47. WAS 728
Antwaan Randle El
26.7%
27. CHI 951
Bernard Berrian
17.8%
50. OAK 717
Ronald Curry
15.6%
44. TEN 750
Justin Gage
14.4%
48. TB 722
Ike Hilliard
14.4%
28. DET 943
Shaun McDonald
11.1%
37. NO 792
David Patten
6.7%
Quiz Playlist
Details
Report
Send in Message
Add To Playlist
Classic:
Type in answers that appear in a list
Last Updated: Feb 16, 2017
Quiz Scoreboard
CHALLENGE
Sign Up to Join the Scoreboard
Show All
Scores
Hide
Comments
May contain spoilers
Recently Published
1-10 Letter E Words III
by El_Dandy
Language
2m
Street Fighter Characters
by Artimus82
Gaming
60s
College Basketball Coaching Resumes
by pancakes188
Sports
9m
More to Explore
Quiz From the Vault
Featured Blog Post
Where Did the Easter Bunny Come From?
hide this ad
You Might Also Like...
Tags
NFL Quiz
Today's Top Quizzes in Sports
Browse Sports
hide this ad
Today's Top Quizzes in NFL
Browse NFL
Top Contributed Quizzes in Sports
1
2022 World Cup Stars
2
Les meilleurs buteurs des matchs entre le PSG et l’OM
3
FIFA Club World Cup Champions
4
Les entraîneurs de l'OM et du PSG au 21e siècle
5
Criteria MLB: Left Handed Sluggers
6
2023 MLB Unique Player Accomplishments
7
AFC Teams Reveal (Wrong Answers Minefield)
8
Players with Multiple 50 Home Run Seasons
9
5-to-1: FBS Animal Nicknames
10
5-to-1: UK Sports Teams
Explore More
Trending Topics
Disney
Harry Potter
Crossword
Anime
Kpop
NBA
Marvel
The Office
WWE
Song
Country
Puzzle
NFL
Soccer
Pokémon
hide this ad
More By:
Bucs4055
Quiz
Plays
Rating
Category
Featured
Created
NFL Top 2 Sack Leaders Every Season (1970-2020)
814
5.00
Sports
Oct 17, 2021
NFL Top 50 Receiving Yards Leaders (2004)
204
4.50
Sports
May 3, 2015
NFL Players with 15+ Sack Seasons
139
5.00
Sports
Aug 14, 2016
NFL Top 50 Receiving Yards Leaders (2008)
129
5.00
Sports
May 5, 2015
NFL Top 50 Receiving Yards Leaders (2003)
121
4.50
Sports
May 3, 2015
Go to Creator's Profile
Score Distribution
Quiz Creator Spotlight
Bucs4055
Follow
Send a Message
Quizzes Created
-
Created Quiz Play Count
-
More By This Creator
Popular Quizzes Today
1
Find the US States - No Outlines Minefield
2
Find the Countries of Europe - No Outlines Minefield
3
The Countries of the World
4
Find the US States
5
Risky Map Clicking: Biggest States A-Z
6
US States
7
Popular People in 1961
8
Movies - When Are They Set?
More Sports Quizzes
Analogy Test: Sports
Published
Trending Quizzes
Risky Map Clicking: Least Populous States A-Z
Billboard Blitz: Aretha Franklin
Famous Russians: Author or Composer?
Countries of the World: 200 Million BC
1-10 Letter G Words
Recently Updated
Leaping Animals
pecheneg
Reality TV Shows (A-Z)
bhenderson79
Rickey Henderson's Hall of Fame Teammates
pecheneg
Champions League XIs: Arsenal
pecheneg
Quick Pick: Celebrities in WWE's Hall of Fame
aduchscher
A-Z Keypad Blitz II
pecheneg
Multiple Oscar Actors
pecheneg
Mystery Phrase Blitz: Oscar 'Best Actors'
pecheneg
F. Scott Fitzgerald Novels
LTH
Pick 3 Villains
ddd62291
Trending Topics
Anime
Marvel
NBA
Harry Potter
Kpop
Crossword
Disney
Soccer
Country
Song
Puzzle
Pokémon
The Office
NFL
WWE
Your Account Isn't Verified!
In order to create a playlist on Sporcle, you need to verify the email address you used during registration. Go to your
Sporcle Settings
to finish the process.
Report this User
Report this user for behavior that violates our
Community Guidelines
.
Details:
Send Report
Go to the Sporcle.com Mobile Site →
Comments